<?xml version="1.0" encoding="UTF-8"?>
<record
    xmlns:xsi="http://www.w3.org/2001/XMLSchema-instance"
    xsi:schemaLocation="http://www.loc.gov/MARC21/slim http://www.loc.gov/standards/marcxml/schema/MARC21slim.xsd"
    xmlns="http://www.loc.gov/MARC21/slim">

  <leader>00992cam a22002291  4500</leader>
  <controlfield tag="001">e  25000079 </controlfield>
  <controlfield tag="003">DLC</controlfield>
  <controlfield tag="005">20260227111216.0</controlfield>
  <controlfield tag="008">800516s1924    mauag        s000 0 eng c</controlfield>
  <datafield tag="010" ind1=" " ind2=" ">
    <subfield code="a">e  25000079 </subfield>
  </datafield>
  <datafield tag="035" ind1=" " ind2=" ">
    <subfield code="a">(OCoLC)6324140</subfield>
  </datafield>
  <datafield tag="040" ind1=" " ind2=" ">
    <subfield code="a">Library, U.S. Bur. of Education</subfield>
    <subfield code="c">TxCM</subfield>
    <subfield code="d">DLC</subfield>
  </datafield>
  <datafield tag="042" ind1=" " ind2=" ">
    <subfield code="a">premarc</subfield>
  </datafield>
  <datafield tag="050" ind1="0" ind2="0">
    <subfield code="a">L160</subfield>
    <subfield code="b">.B17 1924, no. 1</subfield>
  </datafield>
  <datafield tag="110" ind1="1" ind2=" ">
    <subfield code="a">Massachusetts.</subfield>
    <subfield code="b">Department of Education.</subfield>
    <subfield code="b">Division of Elementary and Secondary Education and Normal Schools.</subfield>
  </datafield>
  <datafield tag="245" ind1="1" ind2="0">
    <subfield code="a">Physical education in the public schools;</subfield>
    <subfield code="b">a manual for teachers in junior and senior high schools ...</subfield>
    <subfield code="c">Publication division of elementary and secondary education and normal schools ...</subfield>
  </datafield>
  <datafield tag="260" ind1=" " ind2=" ">
    <subfield code="a">[Boston,</subfield>
    <subfield code="c">1924]</subfield>
  </datafield>
  <datafield tag="300" ind1=" " ind2=" ">
    <subfield code="a">64 p. incl. diagrs., music.</subfield>
    <subfield code="c">23 cm.</subfield>
  </datafield>
  <datafield tag="490" ind1="0" ind2=" ">
    <subfield code="a">Bulletin of the Department of education, 1924,</subfield>
    <subfield code="v">no. 1. Whole no. 147</subfield>
  </datafield>
  <datafield tag="500" ind1=" " ind2=" ">
    <subfield code="a">At head of title: The commonwealth of Massachusetts ...</subfield>
  </datafield>
  <datafield tag="650" ind1=" " ind2="0">
    <subfield code="a">Physical education and training</subfield>
    <subfield code="z">Massachusetts.</subfield>
  </datafield>
  <datafield tag="999" ind1=" " ind2=" ">
    <subfield code="c">20744</subfield>
    <subfield code="d">20744</subfield>
  </datafield>
</record>
